Projekt A3 - další krok v oceňování kvalitního managementu v Evropě
Oboznámenie s novým projektom - Projekt A3, ktorý podporuje využívanie výhod princípov Modelu úspešnosti EFQM. Projekt má tri časti: Európske ocenenie rozhodnutia, ktoré vedie k úspešnosti. Európske ocenenie za dosiahnutie úrovne v úspešnosti. Európska cena za kvalitu a Národné ceny za kvalitu. Význ...
Salvato in:
| Autore principale: | |
|---|---|
| Natura: | Capitolo di libro |
| Lingua: | ceco |
| Soggetti: | |
| Tags: |
Nessun Tag, puoi essere il primo ad aggiungerne!!
|
MARC
| LEADER | 00000naa a2200000 4500 | ||
|---|---|---|---|
| 001 | r041817 | ||
| 005 | 20230524135035.2 | ||
| 041 | 0 | |a cze | |
| 044 | |a CZ | ||
| 245 | 1 | 0 | |a Projekt A3 - další krok v oceňování kvalitního managementu v Evropě |c Vladimír Straka |
| 520 | |a Oboznámenie s novým projektom - Projekt A3, ktorý podporuje využívanie výhod princípov Modelu úspešnosti EFQM. Projekt má tri časti: Európske ocenenie rozhodnutia, ktoré vedie k úspešnosti. Európske ocenenie za dosiahnutie úrovne v úspešnosti. Európska cena za kvalitu a Národné ceny za kvalitu. Význam projektu pre organizácie. | ||
| 610 | 2 | 0 | |a riadenie kvality |
| 610 | 2 | 0 | |a manažment |
| 610 | 2 | 0 | |a kvalita |
| 610 | 2 | 0 | |a projekty |
| 610 | 2 | 0 | |a oceňovanie |
| 610 | 2 | 0 | |a model EFQM |
| 610 | 2 | 0 | |a Európa |
| 610 | 2 | 0 | |a organizácie |
| 100 | 1 | |a Straka, Vladimír | |